| 000 | 00556nam a2200181Ia 4500 | ||
|---|---|---|---|
| 999 |
_c36761 _d36761 |
||
| 003 | OSt | ||
| 005 | 20201207103013.0 | ||
| 008 | 190216s9999||||xx |||||||||||||| ||und|| | ||
| 020 | _a8170003369 | ||
| 040 | _coclc | ||
| 082 |
_a025 _bBAV/O |
||
| 100 |
_aBavakutty, M _97233 |
||
| 245 | 0 |
_aOrganisation Of Libraries And Information Centres In 21st Century / _cM Bavakutty ; M C K Veeran |
|
| 260 |
_bEss Ess Publications, _aNew Delhi: _c2002. |
||
| 300 | _a207p | ||
| 650 | _aReferences | ||
| 942 |
_cREF _2ddc _h025 _iBAV/O _k025 _mBAV/O |
||